Mechancial drawing. (Record no. 544618)

000 -LEADER
fixed length control field 00354nam a22001337a 4500
082 ## - DEWEY DECIMAL CLASSIFICATION NUMBER
Classification number 604.2
Author Mark ZEL
-- L-12, P-58
100 ## - MAIN ENTRY--PERSONAL NAME
Personal name Zelikoff, Louis
9 (RLIN) 40296
245 ## - TITLE STATEMENT
Title Mechancial drawing.
260 ## - PUBLICATION, DISTRIBUTION, ETC.
Place of publication, distribution, etc. Moscow
Name of publisher, distributor, etc. Mir Publishers.
Date of publication, distribution, etc. 1969
300 ## - PHYSICAL DESCRIPTION
Extent 189 p.:
Other physical details ill .:
Dimensions 10 Cm
526 ## - STUDY PROGRAM INFORMATION NOTE
Program name 0
Interest level 0
Reading level 0
Title point value 604_200000000000000_ZEL
650 ## - SUBJECT ADDED ENTRY--TOPICAL TERM
Topical term or geographic name entry element MCE
9 (RLIN) 379
942 ## - ADDED ENTRY ELEMENTS (KOHA)
Source of classification or shelving scheme
Koha item type Book
Holdings
Withdrawn status Lost status Source of classification or shelving scheme Damaged status Not for loan Permanent Location Current Location Date acquired Total Checkouts Full call number Barcode Date last seen Date last checked out Price effective from Koha item type
          Military College of Engineering (MCE) Military College of Engineering (MCE) 05/08/2014 1 604.2 ZEL MCE-3246 05/13/2014 05/13/2014 05/08/2014 Book
© 2023 Central Library, National University of Sciences and Technology. All Rights Reserved.